000 00293nam a22001337a 4500
008 180827b xxu||||| |||| 00| 0 eng d
020 _a9780893031916
041 _aeng
080 _a61
100 _a3
101 _aSHM
245 _aFIRST RESPONDER UPDATE
_cBERGERON.J.D
942 _2udc
_cBK
999 _c47337
_d47337